| 000 | 00575 a2200169 4500 | ||
|---|---|---|---|
| 003 | Nust | ||
| 005 | 20230202094143.0 | ||
| 040 | _cNust | ||
| 082 | _a937.01,TRE | ||
| 100 |
_aTreveiyan, M. George _9108434 |
||
| 245 |
_aGaribaldi and the making of the Italy / _cGeorge M, revelyan |
||
| 260 |
_aLondon _bThomas nelson and sons _c1924 |
||
| 300 | _a340 | ||
| 505 | _aIntroduction(Page-1), Preliminary (Page-17),The Defence Of Rome (Page-119),Garibaldi’s Retreat Escape (Page-229). | ||
| 650 |
_aGaribaldi and the making of the itly _9108435 |
||
| 942 |
_2ddc _cBK _k937.01,TRE |
||
| 999 |
_c186946 _d186946 |
||